000 00659nam a2200253Ia 4500
005 20250425160726.0
008 250425s9999 xx 000 0 und d
041 _aeng
082 _a530
100 _aKITTEL, CHARLES
245 0 _aMECHANICS: BERKELEY PHYSICS COURSE
250 _aS.E.
260 _aEstados Unidos
_bMcGraw-Hill Book CO.
_c1962
260 _aNEW YORK
500 _aD-17510 S/ 40.000 SYAM FISICA 97.09.09
650 _aACTIVIDAD FISICA
650 _aAERODINAMICA
650 _aBOMBAS (MECANICA)
650 _aVECTORES-MATEMATICAS
700 _aKNIGHT, WALTER
700 _aRUDERMAN, MALVIN
942 _c01
010 _a3594
999 _c194918
_d194918